[Obchodné služby. Business services]

V predmetnej monografii autorka sprístupňuje aktuálne poznatky z teórie a praxe obchodných služieb. Dáva odpoveď na otázky: čo sú obchodné služby, prečo sú zaujímavé pre hospodársku politiku, aké je ich postavenie v ekonomike a akú úlohu zohrávajú v ekonomickom raste a pri podpore priemyselnej konku...

Descrizione completa

Salvato in:
Dettagli Bibliografici
Autore principale: Grell, Michal
Natura: Capitolo di libro
Lingua:slovacco
Soggetti:
Tags: Aggiungi Tag
Nessun Tag, puoi essere il primo ad aggiungerne!!

MARC

LEADER 00000naa$a2200000$$$4500
001 0010991
005 20230808081459.6
041 0 |a slo 
044 |a SK 
245 1 0 |a [Obchodné služby. Business services]  |c rec. Michal Grell 
520 |a V predmetnej monografii autorka sprístupňuje aktuálne poznatky z teórie a praxe obchodných služieb. Dáva odpoveď na otázky: čo sú obchodné služby, prečo sú zaujímavé pre hospodársku politiku, aké je ich postavenie v ekonomike a akú úlohu zohrávajú v ekonomickom raste a pri podpore priemyselnej konkurencieschopnosti, ako sa vyvíja trh obchodných služieb a obchodovanie s nimi na medzinárodnej úrovni. 
610 2 0 |a recenzie 
610 2 0 |a služby pre podniky 
610 2 0 |a služby trhové 
610 2 0 |a služby obchodné 
100 1 |a Grell, Michal